Ngữ pháp tiếng việt
Guardat en:
| Autor principal: | |
|---|---|
| Format: | Llibre |
| Idioma: | Undetermined |
| Publicat: |
H.
KHXH
2002
|
| Matèries: | |
| Etiquetes: |
Afegir etiqueta
Sense etiquetes, Sigues el primer a etiquetar aquest registre!
|
| Thư viện lưu trữ: | Trung tâm Học liệu Trường Đại học Cần Thơ |
|---|
| LEADER | 00510nam a2200193Ia 4500 | ||
|---|---|---|---|
| 001 | CTU_54373 | ||
| 008 | 210402s9999 xx 000 0 und d | ||
| 020 | |b 35000 | ||
| 082 | |a 495.9225 | ||
| 082 | |b Tr513 | ||
| 100 | |a Trung tâm KHXH và NVQG | ||
| 245 | 0 | |a Ngữ pháp tiếng việt | |
| 245 | 0 | |c Trung tâm KHXH và NVQG | |
| 260 | |a H. | ||
| 260 | |b KHXH | ||
| 260 | |c 2002 | ||
| 650 | |a vietnamese language | ||
| 650 | |x grammar | ||
| 980 | |a Trung tâm Học liệu Trường Đại học Cần Thơ | ||